000 00793nam a2200229Ii 4500
003 JO-AjNU
008 230605s9999||||xx |||||||||||||| ||und||
017 _a1993/3632
020 _a977-00-5-070-9
040 _aJO-AjNU
_bara
_erda
_cJO-AjNU
041 _aara
050 1 4 _aKRM4798.1994
100 3 _aصدقي، عبد الرحيم,
_eauthor
_910668
245 0 0 _aالحبس الاحتياطي " دراسة تحليلية مقارنة "
250 _a(د،ط)
264 3 1 _aالقاهرة : مطبعة دار شمس المعرفة ، 1994
300 _a159ص
336 _atext
_btxt
_2rdacontent
337 _aunmediated
_bn
_2rdamedia
338 _avolume
_bnc
_2rdacarrier
650 4 _aالحبس الاحتياطي -- قانون الإجراءات الجنائية -- مصر
_910669
999 _aA1924
_c5492
_d5492